000 00392nam a2200121Ia 4500
008 190216s9999||||xx |||||||||||||| ||und||
100 _aSeetharaman Potti S
245 2 _aA Hand Book Of Important Government Orders Grade Promotions And Guide Lines For Re Options
260 _bSurvey And Land Records Staff Welfare So
_c1993
300 _a261p
650 _aGeneral Collections
942 _cREF
999 _c36190
_d36190